Theory of Computation (Record no. 4110)

MARC details
000 -LEADER
fixed length control field 00354nam a2200145Ia 4500
008 - FIXED-LENGTH DATA ELEMENTS--GENERAL INFORMATION
fixed length control field 191201s2010 xx 000 0 und d
082 ## - DEWEY DECIMAL CLASSIFICATION NUMBER
Classification number 004
Item number PUT
100 ## - MAIN ENTRY--PERSONAL NAME
Personal name Pundir, Sudhir K.
245 #0 - TITLE STATEMENT
Title Theory of Computation
250 ## - EDITION STATEMENT
Edition statement 6th
260 ## - PUBLICATION, DISTRIBUTION, ETC. (IMPRINT)
Place of publication, distribution, etc N.Delhi
Name of publisher, distributor, etc Pragati Prakashan Meerut
Date of publication, distribution, etc 2010
300 ## - PHYSICAL DESCRIPTION
Extent 405
650 ## - SUBJECT ADDED ENTRY--TOPICAL TERM
Topical term or geographic name as entry element B.Tech(CSE)
942 ## - ADDED ENTRY ELEMENTS (KOHA)
Source of classification or shelving scheme Dewey Decimal Classification
Koha item type Text Books
942 ## - ADDED ENTRY ELEMENTS (KOHA)
-- 2
Holdings
Withdrawn status Lost status Source of classification or shelving scheme Damaged status Not for loan Collection code Home library Current library Date acquired Source of acquisition Cost, normal purchase price Bill Number Total Checkouts Full call number Acc. no. / Barcode Date last seen Date last borrowed Bill Date Koha item type Checked out
    Dewey Decimal Classification     B.Tech(CSE) PIET C-LIBRARY PIET C-LIBRARY 04/09/2009 J B C, New Delhi 225.00 SI-2637 6 004 PUT 13633 08/12/2025 24/11/2025 02/09/2009 Text Books  
    Dewey Decimal Classification     B.Tech(CSE) PIET C-LIBRARY PIET C-LIBRARY 04/09/2009 J B C, New Delhi 225.00 SI-2637 6 004 PUT 13634 20/01/2026 10/09/2025 02/09/2009 Text Books  
    Dewey Decimal Classification     B.Tech(CSE) PIET C-LIBRARY PIET C-LIBRARY 04/09/2009 J B C, New Delhi 225.00 SI-2637 1 004 PUT 13635 29/10/2022 29/10/2022 02/09/2009 Text Books 27/04/2023
    Dewey Decimal Classification     B.Tech(CSE) PIET C-LIBRARY PIET C-LIBRARY 04/09/2009 J B C, New Delhi 225.00 SI-2637   004 PUT 13636 04/12/2019   02/09/2009 Reference Books  
    Dewey Decimal Classification     B.Tech(CSE) PIET C-LIBRARY PIET C-LIBRARY 04/09/2009 J B C, New Delhi 225.00 SI-2637 2 004 PUT 13637 05/01/2024 15/12/2023 02/09/2009 Text Books  

Design & Developed by: PIET Central Library
R70 Miles Stone Pattikalyana Samalkha Panipat 132102
mail ID :- [email protected], Phone No:- 0180-2569700 Ex.216